La presencia libertaria en la derecha chilena

Na minha lista:
Detalhes bibliográficos
Main Authors: Benavente Urbina, Andrés (Author), Sánchez Heredia, Ricardo (Author)
Formato: Livro
Idioma:espanhol
Publicado em: Santiago Corporacón 1978
Edição:1a. ed
Assuntos:
Tags: Adicionar Tag
Sem tags, seja o primeiro a adicionar uma tag!

MARC

LEADER 00000cam a2200000 a 4500
001 UCO7609
003 CL-VaPUC
008 001117e19780000CL |||||||||||||||||spa|d
082 0 4 |a 324.28303  |b BEN  |2 21 
100 0 |a Benavente Urbina, Andrés  |e author  |9 452173 
700 0 |a Sánchez Heredia, Ricardo  |e author  |9 452174 
245 1 3 |a La presencia libertaria en la derecha chilena 
250 |a 1a. ed 
300 |a 62 p 
942 |c BK 
945 |d 20001117 00:00:00  |a crobeson 
260 |a Santiago  |b Corporacón  |c 1978 
500 |a Donación del profesor Manfred Wilhelmy von Wolff 
600 0 7 |a PARTIDO RADICAL  |2 CL-VaPUC  |9 439853 
600 0 |a Ibáñez del Campo, Carlos  |9 308285 
600 0 |a Alessandri Palma, Arturo  |9 268143 
650 0 |a Partidos políticos  |9 254999 
650 7 |a ELECCIONES 1942  |2 CL-VaPUC  |9 452175 
650 7 |a ELECCINES PRESIDENCIALES  |2 CL-VaPUC  |9 452176 
650 0 |a Ideologías políticas   |9 255735 
651 7 |a CHILE  |2 CL-VaPUC  |9 452177 
583 |a last modification  |c 20160714 09:03:00  |k Rodrigo Vera 
999 |c 292497  |d 292495 
952 |0 0  |1 0  |4 0  |6 324_283030000000000_BEN_1978  |7 0  |8 A  |9 343413  |a BIBHIS  |b BIBEDU  |d 2019-11-20  |i 1228870  |l 2  |o 324.28303 BEN 1978  |p 1228870  |r 2025-01-20  |s 2020-12-02  |w 2019-11-20  |y BK  |k HIS 
952 |0 0  |1 0  |3 erb  |4 0  |6 324_283030000000000_BEN_1978  |7 0  |8 A  |9 343414  |a FDOHBE  |b FDOHBE  |e Huesbe Llanos, Marco Antonio, 1934-  |i 5308097  |o 324.28303 BEN 1978  |p 5308097  |r 2024-01-30  |w 2019-11-20  |y BK  |z Catalogado en:20160717  |k HBE